Estudios de folklore y literatura dedicados a Mercedes Díaz Roig (notice nᵒ 10693)
[ vue normale ]
| 000 -Sello discográfico | |
|---|---|
| campo de control de longitud fija | 01246nam a2200385 4500 |
| 005 - Identificación de versión | |
| campo de control | 20251016083511.0 |
| 010 ## - Número Estándar Internacional de Libros (ISBN) | |
| Número (ISBN) | 968-12-0498-0 |
| 035 ## - Otros números de control del sistema | |
| Número de control del sistema | 3612 |
| 099 ## - fechas locales | |
| Tipo de ítem Koha | LIBRO |
| 100 ## - Datos de procesamiento general | |
| Datos de procesamiento general | 20040212d1992 m y1spay5003 ba |
| 105 ## - Campo de datos codificados: Material textual, monográfico | |
| Datos codificados de monografía | y 001zy |
| 200 1# - Título y mención de responsabilidad | |
| Título propio | Estudios de folklore y literatura dedicados a Mercedes Díaz Roig |
| Designación general del material | texto impreso |
| Primer mención de responsabilidad | Beatriz Garza Cuarón e Yvette Jiménez de Báez |
| 210 ## - Publicación, distribución, etc. | |
| Lugar de publicación, distribución, etc. | México |
| Nombre del editor, distribuidor, etc. | El Colegio de México, Centro de Estudios Lingüísticos y Literarios |
| Fecha de publicación, distribución, etc. | 1992 |
| 215 ## - Descripción física | |
| Designación de material específico y extensión del ítem | 914 p |
| Dimensiones | 25 cm |
| 318 ## - Nota de acción | |
| Acción | No se presta a domicilio |
| 345 ## - Nota de información de adquisición | |
| Fuente de adquisición/dirección de la suscripción [OBSOLETO] | Donación |
| 410 #1 - Series | |
| Título | Serie Estudios de Lingüística y Literatura |
| Número de volumen | XX |
| 606 ## - Término temático usado como materia | |
| Elemento de entrada | Folklore en la literatura |
| Subdivisión temática | Alocuciones, ensayos y conferencias |
| Número Koha | 17167 |
| 606 ## - Término temático usado como materia | |
| Elemento de entrada | Literatura folklórica |
| Subdivisión temática | Alocuciones, ensayos y conferencias |
| Número Koha | 17168 |
| 660 ## - Código de área geográfica | |
| Código | MX |
| 676 ## - Clasificación Decimal Dewey | |
| Número | R809.8 G245e |
| 700 ## - Nombre personal - Responsabilidad primaria | |
| Elemento de entrada | Garza Cuarón |
| Parte del nombre distinta del elemento de entrada | Beatriz |
| Número Koha | 1551 |
| 701 ## - Nombre personal - Responsabilidad alternativa | |
| Elemento de entrada | Jiménez de Báez |
| Parte del nombre distinta del elemento de entrada | Yvette |
| Fechas | 1934-2024 |
| Número Koha | 6857 |
| 801 #0 - Fuente de origen | |
| Agencia | cm |
| 900 ## - | |
| -- | 1/6369 |
| 900 ## - | |
| -- | 7100418131\120204 |
| 942 ## - ELEMENTOS DE ENTRADA SECUNDARIOS (KOHA) | |
| Tipo de ítem Koha | Livre |
Pas d'exemplaire disponible.